000 02353nam a2200469 c 4500
003 BLK
005 20200603094823.0
008 180409b bul|||||r ||||||| ||bul||
010 _aKNG00114001000
020 _a954-411-095-Х
_bиздат.: Факел
040 _aBLK
041 _aBUL
_cBUL
080 _aШпионаж. Политическо влияние чрез тайни (разузнавателни) служби
_b327.84
_x(73)(091)
_z327.84(73)(091)
080 _aОпазване на обществения ред и спокойствие
_b351.75
_x(73)
_z351.75(73)
080 _aПолитика. Вж и 341 ; 342
_b32
_x(73)(092)
_z32(73)(092)
080 _aБиографии
_b929
_x(73)
_z929(73)
100 1 _aМелансън, Филип
_eпърви автор
_994690
700 1 _aСтивънс, Питър
_eсъавт.
_9311347
700 1 _aАндреев, Емил
_eпрев. от англ.
_gИванов, Емил Андреев
_9375568
700 1 _aРадев, Александър
_eпрев. от англ.
_9311348
700 1 _aМаринова, Мила
_eпрев. от англ.
_9311349
700 1 _aБорисов, Бойко
_eпредг. от
_9311350
139 _aМелансън, Филип и др.
_bМ 46
245 1 0 _aСикрет сървис
_bТайната история на една секретна служба
_cФилип Мелансън; съавт. Питър Стивънс; прев. от англ. Емил Андреев; прев. от англ. Александър Радев; прев. от англ. Мила Маринова; предг. от Бойко Борисов.
257 _aUSA
260 София
_bФакел
_c2004
_fСофия : Изток-Запад
300 _a336 с.
_bил.
_c22 см
380 _a3
500 _aОриг. загл. The Secret service / Philip H. Melanson, Peter F. Stevenes. - Съдържа и За авт.
650 4 _aРазузнаване - САЩ
_9256640
650 4 _aОхрана и сигурност
_9266473
650 4 _aПрезиденти - САЩ
_9247820
653 _aразузнаване
653 _aтайни служби
653 _aСАЩ
653 _aохрана
852 _aЦб 220262
856 4 _qpdf
_u
856 4 _qpdf
_u
942 _cKNG
_n0
_01
944 _aCR
_c08.07.2004
_kМилена_Ачева
944 _aED
_c21.10.2016
_kВиолета_Тройчева
999 _c108692
_d108692